000 00682pam a2200229 a 4500
001 3469504
005 20180215033412.0
008 930716s1993 nyua b 001 0 eng
010 _a 93026356
020 _a156072109X :
_c$83.00
040 _aDLC
_cDLC
_dDLC
041 _aeng
080 _a362.1
082 0 0 _a362.1 SPR
_220
100 _a14
101 _aSHJ
245 0 0 _aNational health care /
_cedited by C. J. Spreding.
504 _aIncludes bibliographical references and index.
906 _a7
_bcbc
_corignew
_d1
_eocip
_f19
_gy-gencatlg
942 _2ddc
_cBK
999 _c42571
_d42571